#10 Soccer World Cup Participant ? - Statistics

General Stats
  • This quiz has been taken 43 times
  • The average score is 5 of 6
Answers on the Grid
Answers color-coded by a green-red scale on the quiz's grid according to % correct below.
Qatar
Australia
Algeria
Poland
Gambia
Georgia
Lebanon
Liechtenstein
Niger
Moldova
Mozambique
Zambia
Papua New Guinea/ PNG
Russia
Serbia
 
Answer Stats
Answer % Correct
Qatar
100%
Australia
95%
Poland
90%
Serbia
90%
Algeria
86%
Russia
76%
No matching quizzes found
Score Distribution
Percent of People with Each Score
Percentile by Number Answered
Your Score History
You have not taken this quiz